000 00587nam a2200169Ia 4500
005 20250923145127.0
008 008 250917s9999 xx 000 0 eng d
037 _aTextual
040 _aDSWL
_beng
_cDSWL
041 _aeng
_2eng
084 _aY42.251'N67t4, N68
_qDSWL
100 _aSardana, Shashi
_9832040
245 0 _aInter-personal relationip in the medical setting ; A study of doctors in a Delhi Hospital
_cby Shashi Sardana
260 _aDelhi
_bSchool of Social Work
_c1968
942 _cTEXL
_hY42.251'N67t4, N68
999 _c1447483
_d1447483